01035naa#a2200169#i#4500001001500000005001700015100004100032102000700073200027000080210016900350215001000519608006000529675017600589700002800765700005400793856001800847RU\\bibl\2002120260701151617.3##a20260630b2026####ek#y0rusy0150####ca##aRU1#aИНТЕЛЛЕКТУАЛЬНЫЕ АЛГОРИТМЫ ДИНАМИЧЕСКОГО ЦЕНООБРАЗОВАНИЯ В УСЛОВИЯХ ВЫСОКОКОНКУРЕНТНОЙ СРЕДЫ ДРОПШИППИНГ-МАРКЕТАeСтатья/тезисы конференции1#aВоронежcВоронежский государственный лесотехнический университет имени Г.Ф. Морозоваd2026##a6 с.##aСтатья/тезисы конференции2local##aИнформационные технологии. Компьютерные технологии. Теория вычислительных машин и систем. 004#1aСильновgС. Д.#1aОксютаgОлеся Владимировна4#abibl.vgltu.ru